INTERDISCIPLINARY PERSPECTIVES ON SUSTAINABLE DEVELOPMENT FROM VISION TO ACTION (Record no. 27143)

MARC details
000 -LEADER
fixed length control field 00377nam a22001457a 4500
003 - CONTROL NUMBER IDENTIFIER
control field SGT
020 ## - INTERNATIONAL STANDARD BOOK NUMBER
International Standard Book Number 9789358424447
082 ## - DEWEY DECIMAL CLASSIFICATION NUMBER
Classification number 333
Item number CHA
100 ## - MAIN ENTRY--PERSONAL NAME
Personal name Chaudhary, Dr. Archana
245 ## - TITLE STATEMENT
Title INTERDISCIPLINARY PERSPECTIVES ON SUSTAINABLE DEVELOPMENT FROM VISION TO ACTION
260 ## - PUBLICATION, DISTRIBUTION, ETC. (IMPRINT)
Place of publication, distribution, etc LUCKNOW
Name of publisher, distributor, etc BOOK RIVERS
Year of Publication 2024
300 ## - PAGE DESCRIPTION
No. of Pages 369
490 ## - SERIES STATEMENT
Series statement VOL - 1
942 ## - ADDED ENTRY ELEMENTS (KOHA)
Source of classification or shelving scheme Dewey Decimal Classification
Koha item type Books
Holdings
Withdrawn status Lost status Source of classification or shelving scheme Damaged status Not for loan Collection code Home library Current library Shelving location Date acquired Cost, normal purchase price SGTU Total Checkouts Full call number Accession No. (Barcode) Date last seen Bill Date Koha item type
    Dewey Decimal Classification     SCIENCE SGT Science & Social Sciences Library SGT Science & Social Sciences Library Text Book 10/10/2024 499.00 SGTU   333 CHA PS7106 10/10/2024 10/10/2024 Books